| 000 | 01161nmm a2200361 a 4500 | ||
|---|---|---|---|
| 001 | ocm0002347985 | ||
| 003 | TR-IsHL | ||
| 005 | 20201028185300.0 | ||
| 008 | 190906s2017 tu tur | ||
| 007 | cr cn | ||
| 020 | _a9786052022191 | ||
| 035 |
_a2347985 _b(N$T) |
||
| 050 | 0 | 4 |
_aB363.T8 _bP538 2017 |
| 090 | 0 | 4 |
_aB363.T8 _bP538 2017 |
| 100 | 1 | _aPlaton | |
| 245 | 1 | 0 |
_aSokrates'in savunması _h[electronic resource] / _cPlaton ; çeviren A. Erkin Köylügil ; editör Onur Unar |
| 250 | _a1. Baskı | ||
| 260 |
_aİstanbul : _bİlgi Kültür Sanat Yayıncılık , _c2017 |
||
| 300 | _a72 p. | ||
| 650 | 4 | _aFelsefe, Psikoloji ve Din | |
| 650 | 4 | _aPhilosophy, Psychology and Religion | |
| 650 | 0 | _aPlato | |
| 650 | 0 | _aSokrates | |
| 650 | 0 | _aSocrates | |
| 650 | 0 |
_aFelsefe _x Antik |
|
| 650 | 0 | _aPhilosophy, Ancient | |
| 650 | 0 | _aİlkçağ felsefesi. | |
| 650 | 0 | _aAncient philosophy | |
| 650 | 7 |
_aPHILOSOPHY / History & Surveys / Ancient & Classical _2bisacsh |
|
| 700 | 1 | _aKöylügil, A. Erkin | |
| 700 | 1 | _aUnar, Onur | |
| 856 | 4 | 0 | _uhttp://search.ebscohost.com/login.aspx?direct=true&scope=site&db=e011xww&AN=2347985 |
| 999 |
_c21394 _d21394 |
||